Le courant électrique / (Record no. 193675)
[ view plain ]
| 000 -LEADER | |
|---|---|
| campo de control de longitud fija | 01174nam a2200301 i 4500 |
| 001 - NÚMERO DE CONTROL | |
| campo de control | 193675 |
| 003 - IDENTIFICADOR DE NÚMERO DE CONTROL | |
| campo de control | ES-MaACL |
| 005 - FECHA Y HORA DE LA ÚLTIMA TRANSACCIÓN | |
| campo de control | 20240207140309.0 |
| 007 - CAMPO FIJO DE DESCRIPCIÓN FÍSICA--INFORMACIÓN GENERAL | |
| campo de control de longitud fija | ta |
| 008 - DATOS DE LONGITUD FIJA--INFORMACIÓN GENERAL | |
| campo de control de longitud fija | 240205s1909 fr a fre 000 0 fre d |
| 040 ## - FUENTE DE CATALOGACIÓN | |
| Centro catalogador/agencia de origen | ABES |
| Lengua de catalogación | fre |
| Normas de descripción | AFNOR |
| Centro/agencia transcriptor | ES-MaACL |
| 080 ## - NÚMERO DE LA CLASIFICACIÓN DECIMAL UNIVERSAL | |
| Identificador de la edición | 621.3:537 |
| 100 0# - ENTRADA PRINCIPAL--NOMBRE DE PERSONA | |
| Nombre de persona | Vigneron, Eugéne |
| 9 (RLIN) | 114648 |
| Término indicativo de función/relación | Autor |
| 245 10 - MENCIÓN DEL TÍTULO | |
| Título | Le courant électrique / |
| Mención de responsabilidad, etc. | par Eug. Vigneron ... |
| 264 #1 - PRODUCCIÓN, PUBLICACIÓN, DISTRIBUCIÓN, FABRICACIÓN Y COPYRIGHT | |
| Producción, publicación, distribución, fabricación y copyright | Paris : |
| Nombre del de productor, editor, distribuidor, fabricante | Librairie des Sciences et de l'Industrie : |
| -- | L.Geisler, imprimeur-éditeur, |
| Fecha de producción, publicación, distribución, fabricación o copyright | 1909. |
| 300 ## - DESCRIPCIÓN FÍSICA | |
| Extensión | XXII, 112 páginas : |
| Otras características físicas | ilustraciones (blanco y negro), diagramas ; |
| Dimensiones | 25 cm. |
| 336 ## - TIPO DE CONTENIDO | |
| Código de tipo de contenido | txt |
| Fuente | rdacontent |
| Término de tipo de contenido | Texto |
| 337 ## - TIPO DE MEDIO | |
| Código del tipo de medio | n |
| Fuente | rdamedia |
| Nombre/término del tipo de medio | sin mediación |
| 337 ## - TIPO DE MEDIO | |
| Código del tipo de medio | n |
| Fuente | isbdmedia |
| Nombre/término del tipo de medio | sin mediación |
| 338 ## - TIPO DE SOPORTE | |
| Código del tipo de soporte | nga |
| Fuente | RDAfrCarrier |
| Nombre/término del tipo de soporte | volumen |
| 490 1# - MENCIÓN DE SERIE | |
| Mención de serie | Encyclopédie électrotechnique ; |
| Designación de volumen o secuencia | 2e Fascicule |
| 650 #4 - PUNTO DE ACCESO ADICIONAL DE MATERIA--TÉRMINO DE MATERIA | |
| Término de materia o nombre geográfico como elemento de entrada | Electrotecnia |
| 9 (RLIN) | 12169 |
| 830 ## - PUNTO DE ACCESO ADICIONAL DE SERIE-TÍTULO UNIFORME | |
| Título uniforme | Encyclopédie électrotechnique |
| 9 (RLIN) | 235039 |
| Designación de volumen o secuencia | 2 |
| 852 ## - LOCALIZACIÓN | |
| Ubicación | ES-MaACL |
| Sublocalización o colección | R.M.8230 |
| Ubicación en estantería | Sala Valle Inclán |
| Número de control de estantería | D-8684 |
| Marcas de propiedad | Sello en tinta en portada: "Ateneo de Madrid. Biblioteca" |
| itemnumber | 201196 |
| 942 ## - ELEMENTOS DE ENTRADA SECUNDARIOS (KOHA) | |
| Suprimir en OPAC | No |
| Tipo de ítem Koha | Libro impreso |
| Estatus retirado | Estado de pérdida | Fuente del sistema de clasificación o colocación | Estado de daño | No para préstamo | Biblioteca de origen | Biblioteca actual | Ubicación en estantería | Fecha de adquisición | Número de inventario | Total de préstamos | Signatura topográfica completa | Código de barras | Visto por última vez | Precio de reemplazo | Tipo de ítem Koha |
|---|---|---|---|---|---|---|---|---|---|---|---|---|---|---|---|
| Clasificación decimal universal | Biblioteca del Ateneo de Madrid | Biblioteca del Ateneo de Madrid | Sala Valle Inclán | 05/02/2024 | R.M.8230 | D-8684 | 101206594 | 05/02/2024 | 05/02/2024 | Libro impreso |
